Taylor Swift Song By The Lyrics - Statistics

General Stats
  • This quiz has been taken 184 times
  • The average score is 6 of 15
Answer Stats
Hint Answer % Correct
"Can I go where you go?" Lover
92%
"Get it off my desk" Lavender Haze
71%
"That's my man" willow
66%
"Blood runs cold" Bad Blood
64%
"I'm laughing with my lover" Call It What You Want
60%
"We won't be sleeping" 22
49%
"It turned to something bigger" The Great War
40%
"What if I roll the stone away?" Guilty As Sin?
36%
"I'm lonely, but I'm good" I Hate It Here
34%
"Dust collected on my pinned-up hair" right where you left me
34%
"Living in winter, I'm your summer" ME!
30%
"In case you're at their table" I Look In People's Windows
28%
"Only 20 minutes to sleep" epiphany
26%
"Let's take the moment" You're On Your Own, Kid
15%
"Power went to my hand" Castels Crumbling
0%
No matching quizzes found
Score Distribution
Percent of People with Each Score
Percentile by Number Answered
Your Score History
You have not taken this quiz